Logo

Description automatically generated
विद्यार्जन
 संसाधन केंद्र, भारतीय प्रौद्योगिकी संस्थान इन्दौर
Learning Resource Center, Indian Institute of Technology Indore

ऑनलाइन सार्वजनिक अभिगम प्रसूची
Online Public Access Catalogue (OPAC)

Nations and nationalism [2nd ed.] (Record no. 25178)

MARC details
000 -LEADER
fixed length control field 00477nam a2200181Ia 4500
008 - FIXED-LENGTH DATA ELEMENTS--GENERAL INFORMATION
fixed length control field 170106s2006||||xx |||||||||||||| ||und||
020 ## - INTERNATIONAL STANDARD BOOK NUMBER
International Standard Book Number 9781405134422
Qualifying information pbk
082 ## - DEWEY DECIMAL CLASSIFICATION NUMBER
Classification number 320.54
Item number GEL
100 ## - MAIN ENTRY--PERSONAL NAME
Personal name Gellner, Ernest
245 #0 - TITLE STATEMENT
Title Nations and nationalism [2nd ed.]
250 ## - EDITION STATEMENT
Edition statement 2nd ed.
260 ## - PUBLICATION, DISTRIBUTION, ETC.
Place of publication, distribution, etc. Malden, MA
Name of publisher, distributor, etc. Blackwell Publishing
Date of publication, distribution, etc. 2006
300 ## - PHYSICAL DESCRIPTION
Extent x, 152p. ; 23 cm.
650 ## - SUBJECT ADDED ENTRY--TOPICAL TERM
Topical term or geographic name entry element Political science
653 ## - INDEX TERM--UNCONTROLLED
Uncontrolled term HS608
700 ## - ADDED ENTRY--PERSONAL NAME
Personal name Breuilly, John
942 ## - ADDED ENTRY ELEMENTS (KOHA)
Koha item type Book
Holdings
Withdrawn status Lost status Damaged status Not for loan Home library Current library Shelving location Date acquired Source of acquisition Total Checkouts Total Renewals Full call number Barcode Date last seen Date last checked out Price effective from Koha item type
        LRC, IIT Indore LRC, IIT Indore 3rd Floor - General Stack 22/10/2013 PO No. 87 ; Vendor: Segment Book Dis., New Delhi ; Bill No. 38748, dt.20.09.2013; Price: USD 41.98 1 3 320.54 GEL 25178 09/05/2022 09/12/2021 22/10/2013 Book
Copyright © 2017-2026 Indian Institute of Technology Indore. All Rights Reserved.
Managed & maintained by Learning Resource Center, IIT Indore